000
00264nam a2200109Ia 4500
008
201210s9999 xx 000 0 und d
100
_a
O'Shaughnessy, John
245
0
_a
Inquiry & Decision
260
_a
Bombay
_b
Vivek Publication
_c
1975
300
_a
200
942
_c
BK
999
_c
5232
_d
5232